Типология и поэтика женской прозы: гендерный аспект (Запись № 1730397)

Подробности
000 -МАРКЕР
контрольное поле 01728nam0a2200337 4500
001 - ИДЕНТИФИКАТОР ЗАПИСИ
контрольное поле RU\NLR\bibl\1206728
005 - ИДЕНТИФИКАТОР ВЕРСИИ
контрольное поле 20241119205833.0
020 ## - НОМЕР ДОКУМЕНТА В НАЦИОНАЛЬНОЙ БИБЛИОГРАФИИ
Код страны Российская Федерация
Номер 07-24379
Основное заглавие издания Российской книжной палаты Летопись авторефератов диссертаций
021 ## - НОМЕР ГОСУДАРСТВЕННОЙ РЕГИСТРАЦИИ
Код страны Российская Федерация
Номер 2007-17689а
Номер Листа государственной регистраци 708а
035 ## - ДРУГИЕ СИСТЕМНЫЕ НОМЕРА
Идентификатор записи (NLR Aleph) 001193190
100 ## - ДАННЫЕ ОБЩЕЙ ОБРАБОТКИ
Данные общей обработки 20071113d2007 u u0rusy50 ca
101 0# - ЯЗЫК РЕСУРСА
Язык текста, звукозаписи и т.д. русский
102 ## - СТРАНА ПУБЛИКАЦИИ ИЛИ ПРОИЗВОДСТВА
Страна публикации Российская Федерация
105 ## - ПОЛЕ КОДИРОВАННЫХ ДАННЫХ: ТЕКСТОВЫЕ МАТЕРИАЛЫ, МОНОГРАФИЧЕСКИЕ
Кодированные данные о монографическом текстовом документе y dm |||||
200 1# - ЗАГЛАВИЕ И СВЕДЕНИЯ ОБ ОТВЕТСТВЕННОСТИ
Основное заглавие Типология и поэтика женской прозы: гендерный аспект
Сведения, относящиеся к заглавию (на материале рассказов Т.Толстой, Л.Петрушевской, Л.Улицкой)
-- автореф. дис. на соиск. учен. степ. канд. филол. наук
-- специальность 10.01.01 <Рус. лит.>
Первые сведения об ответственности Пушкарь Галина Александровна
Последующие сведения об ответственности [Ставроп. гос. ун-т]
210 ## - ПУБЛИКАЦИЯ, РАСПРОСТРАНЕНИЕ И ДР.
Место издания, распространения и т.д. Ставрополь
Дата издания, распространения и т.д. 2007
215 ## - ФИЗИЧЕСКАЯ ХАРАКТЕРИСТИКА
Специфическое обозначение материала и объем 21 с.
Размеры 21
320 ## - ПРИМЕЧАНИЯ О НАЛИЧИИ В ДОКУМЕНТЕ БИБЛИОГРАФИИ / УКАЗАТЕЛЯ
Текст примечания Библиогр.: с. 20-21 ([10] назв.)
675 ## - УНИВЕРСАЛЬНАЯ ДЕСЯТИЧНАЯ КЛАССИФИКАЦИЯ (UDC/УДК)
Индекс 821.161.1.09
Издание 3
Язык издания rus
686 ## - ИНДЕКСЫ ДРУГИХ КЛАССИФИКАЦИЙ
Индекс 17
Код системы
686 ## - ИНДЕКСЫ ДРУГИХ КЛАССИФИКАЦИЙ
Индекс 83.3(2Рос=Рус)
Код системы
686 ## - ИНДЕКСЫ ДРУГИХ КЛАССИФИКАЦИЙ
Индекс 10.01.01
Код системы
700 #1 - ИМЯ ЛИЦА - ПЕРВИЧНАЯ ОТВЕТСТВЕННОСТЬ
Начальный элемент ввода Пушкарь
Часть имени, кроме начального элемента ввода Г. А.
Расширение инициалов личного имени Галина Александровна
Код отношения Автор
801 #0 - ИСТОЧНИК ЗАПИСИ
Страна Российская Федерация
Организация RKP
Дата составления 20071113
Правила каталогизации PSBO
801 #1 - ИСТОЧНИК ЗАПИСИ
Страна Российская Федерация
Организация RKP
Дата составления 20071113
801 #2 - ИСТОЧНИК ЗАПИСИ
Страна Российская Федерация
Организация NLR
Дата составления 20080327
Правила каталогизации rcr
901 ## - ДАННЫЕ ОБ ОБЪЕКТЕ ОЦИФРОВКИ
-- Авторефераты
942 ## - ДОПОЛНИТЕЛЬНЫЕ ЭЛЕМЕНТЫ ЗАПИСИ (АБИС)
Тип экземпляра АБИС Книга
981 10 - КОЛЛЕКЦИЯ ЭЛЕКТРОННОЙ БИБЛИОТЕКИ
Название коллекции Авторефераты
Название подколлекции
--
--

Нет доступных экземпляров.